German articles #9 (general terms) - Statistics

General Stats
  • This quiz has been taken 51 times
  • The average score is 12 of 18
Answer Stats
Article Noun % Correct
das Möbel
100%
das Gebäude
100%
das Werkzeug
100%
das Spiel
100%
der Beruf
100%
die Farbe
100%
die Mahlzeit
100%
die Zeit
100%
die Energie
100%
die Kunst
100%
die Anlage
100%
der Vogel
88%
das Datum
86%
das Dokument
80%
der Kontakt
80%
die Arbeit
78%
das Tier
75%
das Alter
75%
das Programm
75%
der Sport
75%
der / das Teil
75%
die Zeitung
71%
das Getränk
67%
das Wort
67%
das Ding
67%
der Kontinent
67%
der Name
67%
der Prozess
67%
die Religion
67%
die Musik
67%
das Gerät
63%
das Stück
63%
der Charakter
63%
das Geld
60%
das Problem
60%
der Stoff
60%
die Blume
60%
die Form
60%
der Fall
57%
das Fahrzeug
56%
die Sache
56%
das Recht
50%
das Instrument
50%
die Meinung
50%
die Pflanze
50%
die Sendung
50%
das Team
44%
das Gemüse
43%
das Fleisch
33%
die Nummer
33%
die Adresse
20%
die Tat
17%
das Insekt
0%
die Maschine
0%
No matching quizzes found
Score Distribution
Percent of People with Each Score
Percentile by Number Answered
Your Score History
You have not taken this quiz